[Event "Klubbmesterskapet 2013"]
[Site "Ås, Akershus NOR"]
[Date "2013.03.14"]
[Round "6"]
[White "Moberg, Jan Rune"]
[Black "Flügel, Stefan"]
[Result "1/2-1/2"]
[WhiteElo "1533"]
[BlackElo "1702"]
[Annotator "Lea, Per"]
[PlyCount "107"]
[EventDate "2013.01.17"]

1. d4 e6 2. c4 b6 3. Nf3 Bb7 4. g3 Bb4+ 5. Bd2 Bxf3 6. exf3 Bxd2+ 7. Qxd2 d5 8.
cxd5 exd5 9. Bb5+ c6 10. Bd3 Qf6 11. Qe3+ Ne7 12. O-O O-O 13. Nc3 Nd7 14. Rad1
g5 15. Bc2 h5 16. Qd3 Ng6 17. Rfe1 Kg7 18. Re3 Rh8 19. Rde1 Ndf8 20. b4 b5 21.
a4 a6 22. Rd1 Ne6 23. Qf5 Qe7 24. Na2 Rh6 25. a5 h4 26. Qg4 hxg3 27. hxg3 $4 (
27. fxg3 {er problemfritt for hvit}) 27... Rah8 28. Kf1 Qf6 29. Bxg6 $4 Rh1+
30. Ke2 Rxd1 (30... Qxg6 {vinner i alle varianter fordi i motsetning til i
partiet kan svart besvare et kvalitetsoffer på e6 med dronningsjakk} 31. Rxh1 (
31. Nc3 f5 32. Rxe6 Qxe6+) (31. Rdd3 f5 32. Rxe6 Qxe6+ 33. Re3 Qf6 $19) 31...
Qc2+ 32. Kf1 Qd1+ 33. Re1 Rxh1+ 34. Kg2 Qxe1 {med matt}) 31. Kxd1 Qxg6 32. Nc3
f5 33. Rxe6 fxg4 34. Rxg6+ Kxg6 35. fxg4 Re8 36. Kd2 Kf6 37. f3 Rh8 38. Nd1 Rh3
39. Nf2 Rxg3 40. Ke3 Rg1 41. Nd3 Rb1 42. Kd2 Ke7 43. Kc3 Kd6 44. Kc2 Rf1 45.
Ne5 Kc7 46. Kd2 Rb1 47. Nd3 Kd6 48. Kc2 Rh1 49. Ne5 Rh7 50. Kd2 Rg7 51. Nd3 Rf7
52. Ke3 Re7+ 53. Kd2 Re8 54. Nc5 1/2-1/2

[Event "Klubbmesterskapet 2013"]
[Site "Ås, Akershus NOR"]
[Date "2013.03.14"]
[Round "6"]
[White "Kielland-Lund, Jon"]
[Black "Høva, Frode"]
[Result "1-0"]
[WhiteElo "1597"]
[BlackElo "1595"]
[PlyCount "63"]
[EventDate "2013.01.17"]

1. c4 e5 2. Nc3 Nc6 3. e3 Nf6 4. d4 exd4 5. exd4 d5 6. cxd5 Nxd5 7. Bb5 Be7 8.
Bxc6+ bxc6 9. Nge2 O-O 10. O-O Bd6 11. Nxd5 cxd5 12. Bf4 Ba6 13. Bxd6 Qxd6 14.
Re1 Rab8 15. b3 Rfe8 16. Nc3 c5 17. Qd2 c4 18. Rxe8+ Rxe8 19. Re1 Rxe1+ 20.
Qxe1 Kf8 21. bxc4 Bxc4 22. h3 Qb4 23. Qe3 Bxa2 24. Nxa2 Qb1+ 25. Nc1 a5 26. Kh2
a4 27. Qa3+ Ke8 28. Qxa4+ Ke7 29. Qd1 Kd6 30. Qd2 Qa1 31. Ne2 Qh1+ 32. Kxh1 1-0

[Event "Klubbmesterskapet 2013"]
[Site "Ås, Akershus NOR"]
[Date "2013.04.01"]
[Round "6"]
[White "Lea, Per"]
[Black "Simonsen, Steinar"]
[Result "1-0"]
[WhiteElo "1666"]
[BlackElo "1402"]
[Annotator "Fritz 10"]
[PlyCount "63"]
[EventDate "2013.01.17"]

1. e4 e6 2. d4 d5 3. Nc3 Bb4 4. e5 c5 5. a3 Bxc3+ 6. bxc3 b6 7. Qg4 g6 8. Bb5+
Bd7 9. Bg5 Ne7 10. a4 Qc7 11. Bxe7 (11. Kd2 $2 Nf5 $15) 11... Kxe7 (11... cxd4
12. Bb4 a5 $11) 12. Qg5+ Ke8 13. Qd2 Bxb5 14. axb5 c4 $2 (14... Nd7 15. Ne2 f6
16. O-O $16) 15. Qh6 Qd7 16. Rb1 (16. Nf3 Qxb5 17. Qg7 Rf8 18. Ng5 h5 19. O-O
Qd7 20. Nh7 Qe7 21. Rfb1 $18) 16... Qe7 17. Nf3 Qf8 18. Qe3 a6 19. O-O a5 20.
Nd2 h5 21. f4 Qe7 22. Qf3 h4 23. Nxc4 Qc7 24. Nd6+ Ke7 25. c4 Ra7 26. cxd5 Rf8
27. dxe6 fxe6 28. Qg4 Qxc2 29. Qxh4+ Kd7 30. Rbc1 Qb2 31. Qh7+ Kd8 32. Rc8# 1-0

[Event "Klubbmesterskapet 2013"]
[Site "Ås, Akershus NOR"]
[Date "2013.04.04"]
[Round "6"]
[White "Thowsen, Alf Geir"]
[Black "Olsen, Trygve"]
[Result "0-1"]
[WhiteElo "1159"]
[BlackElo "1311"]
[Annotator "Lea, Per"]
[PlyCount "108"]
[EventDate "2013.01.17"]

1. d4 c5 2. d5 d6 3. c4 Nf6 4. Nc3 Qa5 5. Bd2 Qb4 6. b3 Qb6 7. e4 Ng4 8. Nf3 g6
9. Be2 Bg7 10. O-O O-O 11. Rc1 Nd7 12. h3 Nge5 13. Ng5 h6 14. f4 hxg5 15. fxe5
Nxe5 16. Bxg5 f6 17. Bd2 Kf7 18. Bf4 Rh8 19. Bxe5 dxe5 20. Bg4 Bxg4 21. Qxg4
Rad8 22. Rcd1 Rh5 23. Rf2 Bh6 24. Rd3 Rg5 25. Qe6+ Qxe6 26. dxe6+ Ke8 27. Rfd2
Rd4 28. Nb5 a6 29. Nxd4 exd4 30. Re2 Re5 31. Kf2 a5 32. g4 Rxe6 33. Kf3 Bg5 34.
Rh2 Bh4 35. a3 Be1 36. Rh1 Bc3 37. h4 Kf7 38. h5 g5 39. Rh2 Rb6 40. h6 Kg8 41.
h7+ Kh8 42. e5 Rxb3 43. Ke4 Rxa3 44. Rf3 Ra1 45. exf6 Re1+ 46. Kd5 $2 (46. Kf5
exf6 47. Kxf6 d3+ 48. Kg6 Re6+ 49. Kxg5 Re8 50. Rxd3 Be5 51. Rhh3 $18) 46...
exf6 47. Rxf6 Re8 48. Rf3 Bb4 49. Rh5 a4 50. Rxg5 a3 51. Rf2 $2 (51. Rf7 Bd2 (
51... a2 52. Rfg7 Rd8+ 53. Ke6 a1=Q 54. Rg8+ Kxh7 55. R5g7+ Kh6 56. Rg6+ Kh7
57. R6g7+ {med remis}) 52. Rgf5 d3 (52... a2 53. Rf8+ Kxh7 54. Rxe8 a1=Q 55.
Re7+ Kh6 56. Re6+ Kg7 57. Re7+ Kg6 58. Re6+ {med remis}) 53. g5 a2 54. g6 Rd8+
55. Ke6 Bh6 56. Rf1 d2 {og svart vinner}) 51... d3 52. Rh5 d2 53. Rh1 Rd8+ 54.
Ke6 d1=Q {Oppgitt} 0-1

[Event "Klubbmesterskapet 2013"]
[Site "Ås, Akershus NOR"]
[Date "2013.04.04"]
[Round "6"]
[White "Aalmo, Alexander"]
[Black "Stensland, Martin"]
[Result "1-0"]
[WhiteElo "1129"]
[BlackElo "1153"]
[PlyCount "61"]

1. d4 d5 2. c4 c6 3. Nf3 Nf6 4. Bg5 Bg4 5. e3 h6 6. Bh4 Nbd7 7. cxd5 cxd5 8. h3
Bh5 9. Nc3 e6 10. Be2 Be7 11. Bg3 O-O 12. Rc1 a6 13. a4 Rc8 14. Qb3 Ne4 15. Bh2
Nb6 16. g4 Bg6 17. Ne5 Bh7 18. f3 Bh4+ 19. Kd1 Nf2+ 20. Kd2 Nxh1 21. Rxh1 Nd7
22. Qxb7 Nxe5 23. Bxe5 Bf6 24. Bxa6 Bxe5 25. Qxc8 Qb6 26. Qb7 Qxb7 27. Bxb7 Bd6
28. a5 Rb8 29. a6 Rxb7 30. axb7 g5 31. Ra1 1-0

[Event "Klubbmesterskapet 2013"]
[Site "Ås, Akershus NOR"]
[Date "2013.03.21"]
[Round "7"]
[White "Kielland-Lund, Jon"]
[Black "Lea, Per"]
[Result "1/2-1/2"]
[WhiteElo "1597"]
[BlackElo "1666"]
[Annotator "Lea, Per"]
[PlyCount "54"]
[EventDate "2013.01.17"]

1. c4 c5 2. Nf3 Nf6 3. d4 cxd4 4. Nxd4 Nc6 5. Nc3 d5 $2 (5... e6 {
er nok tryggere}) 6. Nxc6 ({En fingerfeil: hvit tok tak i feil brikke...} 6.
cxd5 Nxd5 7. Nxc6 bxc6 {skaffer svart en stygg bondesvakhet på c6}) 6... bxc6
7. cxd5 cxd5 8. e3 e6 9. Be2 Be7 10. O-O O-O 11. b3 Bb7 12. Bb2 Rc8 13. Rc1 Nd7
{Muligens en unøyaktighet, men planen å plassere løperen i diagonalen a1-h8
var fristende.} 14. Rc2 Bf6 15. Na4 Bxb2 16. Nxb2 Qa5 17. Na4 Bc6 $2 18. Qc1
Bb7 19. Qd2 Qxd2 20. Rxd2 Rc7 21. Rfd1 Rfc8 22. Kf1 Rc2 {
Klisjemessig, men ikke på langt nær så sterkt som det kanskje kunne virke} 23.
Ke1 Ne5 24. Rxc2 Rxc2 25. Rd2 Rc1+ 26. Rd1 Rc2 27. Rd2 Rc1+ {Remis. Et tårnbytt
e gir sannsynligvis et fordelaktig sluttspill for hvit fordi med få offiserer
på brettet er det lettere å skaffe seg en fribonde på dronningfløyen enn det
er for svart å gjøre det samme i sentrum eller på kongefløyen.} 1/2-1/2

[Event "Klubbmesterskapet 2013"]
[Site "Ås, Akershus NOR"]
[Date "2013.03.21"]
[Round "7"]
[White "Flügel, Stefan"]
[Black "Simonsen, Steinar"]
[Result "1-0"]
[WhiteElo "1702"]
[BlackElo "1367"]
[PlyCount "77"]

1. d4 d5 2. Nf3 e6 3. e3 Nf6 4. Bd3 h6 5. O-O c5 6. c3 c4 7. Bc2 Bd6 8. Nbd2
O-O 9. e4 Bc7 10. e5 Nfd7 11. b3 cxb3 12. axb3 f6 13. Ba3 fxe5 14. Bxf8 Qxf8
15. dxe5 Nxe5 16. Nd4 Nbc6 17. f4 Nf7 18. N2f3 Bxf4 19. Qd3 Qc5 20. Kh1 Kf8 21.
Nxc6 bxc6 22. Rae1 Ke7 23. Qf5 e5 24. Qxf4 Qxc3 25. Nd4 Kd6 26. Qxf7 Qxd4 27.
Qf8+ Kc7 28. Qxg7+ Kb6 29. Qxe5 Qxe5 30. Rxe5 Ba6 31. Rf6 Kc5 32. Ree6 Bb5 33.
Rxh6 a5 34. h4 Rf8 35. Rhf6 Rg8 36. h5 Rg5 37. h6 Rh5+ 38. Kg1 d4 39. Rf5+ 1-0

[Event "Klubbmesterskapet 2013"]
[Site "Ås, Akershus NOR"]
[Date "2013.03.21"]
[Round "7"]
[White "Furnes, Torstein"]
[Black "Moberg, Jan Rune"]
[Result "1-0"]
[WhiteElo "1588"]
[BlackElo "1533"]
[Annotator "Fritz 10"]
[PlyCount "95"]

1. d4 d5 2. c4 dxc4 3. e4 c5 4. d5 b5 (4... Nf6 5. Nc3) 5. a4 b4 (5... Nf6) 6.
Bxc4 Ba6 7. Qe2 Qa5 8. Be3 Nf6 9. Nd2 Nfd7 10. Nb3 (10. Ngf3) 10... Qb6 (10...
Bxc4 11. Nxa5 Bxe2 12. Nxe2 e6) 11. a5 Qd6 12. f4 Bxc4 13. Qxc4 Qa6 14. Rc1 g6
(14... e6) 15. Qxa6 $6 (15. Bxc5) 15... Nxa6 16. Nxc5 Naxc5 17. Bxc5 Rc8 18.
Be3 Rxc1+ 19. Bxc1 Nc5 20. Bd2 Bg7 (20... Nxe4 21. Bxb4 Bg7) 21. e5 b3 22. Ke2
O-O 23. Nf3 (23. Bb4 Rc8 24. Nf3) 23... Na4 (23... Rd8 24. Rc1 Rxd5 25. Bb4 Ne6
) 24. Bc3 (24. Nd4) 24... Rc8 25. Rc1 (25. Kd3) 25... Rc5 26. Kd3 Rxd5+ 27. Kc4
Nxc3 28. Rxc3 Rxa5 29. Rxb3 e6 30. Ra3 Rxa3 31. bxa3 Bf8 32. a4 a5 33. Nd4 Bb4
34. Nc6 Bd2 35. g3 g5 36. fxg5 Kf8 37. Kb5 Bc3 38. Nxa5 Bxe5 39. Nc4 Bd4 40. a5
Ke7 41. Kc6 Kd8 42. Kb7 e5 43. a6 e4 44. Nb6 e3 45. a7 e2 46. a8=Q+ Ke7 47. Qa5
Bxb6 48. Kxb6 1-0

[Event "Klubbmesterskapet 2013"]
[Site "Ås, Akershus NOR"]
[Date "2013.03.21"]
[Round "7"]
[White "Garmark, Vegard"]
[Black "Stensland, Martin"]
[Result "0-1"]
[WhiteElo "1195"]
[BlackElo "1153"]
[Annotator "Fritz 11 (30s)"]
[PlyCount "84"]
[EventDate "2013.01.17"]

{C47: Scotch Four Knights and Four Knights with 4 g3} 1. e4 e5 2. Nf3 d6 3. Nc3
(3. d4 exd4 4. Nxd4 $14) 3... Nf6 4. d3 (4. d4 exd4 5. Nxd4 g6 $14) 4... Be7 5.
Be2 Nc6 (5... c5 6. O-O $11) 6. O-O (6. d4 exd4 7. Nxd4 O-O $11) 6... h6 {
Prevents intrusion on g5} (6... Nd4 7. Nxd4 exd4 8. Nb5 $11) 7. Be3 Bg4 (7...
O-O 8. d4 $11) 8. Nd2 (8. h3 Bxf3 9. Bxf3 O-O $14) 8... Bxe2 9. Qxe2 Qd7 10. f4
Ng4 11. Nd5 Nxe3 12. Qxe3 ({Worse is} 12. Nxe3 exf4 13. Nf5 g5 $15) 12... Nd4 {
Black threatens to win material: Nd4xc2} (12... exf4 13. Qxf4 (13. Rxf4 $143
Bg5 $17) 13... Bg5 14. Qg3 $14) 13. Rac1 (13. Qf2 $5 Bd8 14. Nc4 $14) 13... Bd8
$11 14. fxe5 dxe5 15. c3 {White threatens to win material: c3xd4} Bg5 16. Qe1
Ne6 17. Nc4 f6 {Controls e5} 18. Rd1 O-O (18... c6 19. Nde3 b5 20. Na5 $11) 19.
g3 (19. h4 c6 20. Nb4 $16 (20. hxg5 $143 cxd5 21. Ne3 d4 $17)) 19... c6 $11 20.
Nde3 b5 21. Na5 Qc7 {Black threatens to win material: Qc7xa5} 22. Nb3 Qb6 {
Black pins: Qb6xe3} 23. Rf3 (23. d4 a5 24. Nf5 a4 $11) 23... Bxe3+ $17 24. Qxe3
(24. Rxe3 Rad8 $17) 24... Qxe3+ (24... Ng5 $142 25. d4 Nxf3+ 26. Qxf3 b4 $19)
25. Rxe3 $15 f5 (25... c5 $142 $15 {would keep Black alive}) 26. exf5 $16 Rxf5
27. Rde1 Ng5 28. Kg2 Raf8 29. R1e2 Nf7 30. Nc5 (30. d4 $142 exd4 31. Nxd4 $16)
30... Ng5 $2 (30... h5 $142 $14 {and Black can hope to survive}) 31. Rxe5 $18
Nf3 32. Rxf5 Rxf5 33. d4 b4 34. Re3 (34. Re7 h5 $18) 34... Nd2 (34... bxc3 35.
bxc3 (35. Rxf3 $4 {White must leave the knight standing} Rxf3 36. bxc3 Rxc3 $19
) 35... Nd2 36. Re8+ Kh7 37. Re1 $18) 35. cxb4 Nc4 36. Re2 a5 $4 {
an oversight. But Black was lost anyway.} (36... Rf6 $18) 37. b3 Nd6 38. bxa5
Nb5 (38... Rf7 {a fruitless try to alter the course of the game} 39. a6 $18)
39. Rd2 (39. a6 $5 {makes it even easier for White} Kf7 40. Nd7 Nc7 41. Ne5+
Ke6 $18) 39... Nd6 (39... Nc7 {does not improve anything} 40. Rc2 $18) 40. b4
Nc4 (40... Rf7 $18 {doesn't change the outcome of the game}) 41. a4 (41. Re2
$142 $18 {finishes off the opponent}) 41... Ne3+ (41... Nxd2 $6 {
is a bad alternative} 42. a6 Nc4 43. Kg1 $19) 42. Kh3 Rh5# 0-1

[Event "Klubbmesterskapet 2013"]
[Site "Ås, Akershus NOR"]
[Date "2013.04.18"]
[Round "7"]
[White "Høva, Frode"]
[Black "Aalmo, Alexander"]
[Result "1-0"]
[WhiteElo "1595"]
[BlackElo "1129"]
[PlyCount "73"]
[EventDate "2013.01.17"]

1. d4 g6 2. c4 Bg7 3. Nc3 d6 4. e4 Nc6 5. Be3 e5 6. d5 Nce7 7. c5 a6 8. Nf3 f5
9. cxd6 cxd6 10. Na4 fxe4 11. Bb6 Qd7 12. Ng5 Nf6 13. Nc3 Qg4 14. Qxg4 Bxg4 15.
Ngxe4 Nxe4 16. Nxe4 Kd7 17. Bc4 Rac8 18. Bb3 Rhf8 19. Ba4+ Nc6 20. O-O Be2 21.
Rfe1 Bb5 22. Bxb5 axb5 23. dxc6+ bxc6 24. Red1 d5 25. Bc5 Rf4 26. Nd6 Ra8 27.
a3 Bf8 28. Nb7 Bg7 29. Be3 Rf7 30. Rac1 d4 31. Nc5+ Kd6 32. Bg5 Raf8 33. Ne4+
Kd5 34. f3 h6 35. Rc5+ Ke6 36. Rxc6+ Kf5 37. g4# 1-0

[Event "Klubbmesterskapet 2013"]
[Site "Follo, Akershus NOR"]
[Date "2013.05.21"]
[Round "8"]
[White "Olsen, Trygve"]
[Black "Flügel, Stefan"]
[Result "0-1"]
[WhiteElo "1292"]
[BlackElo "1660"]
[Annotator "Flügel, Stefan"]
[PlyCount "82"]
[EventDate "2013.01.17"]

1. e4 Nc6 2. Bc4 Nf6 3. d3 Na5 {Bedre var det nok å stenge diagonalen med e6.
Sh5 tillater offer på f7 som ikke var helt etter min plan. Dataprogrammet
Rybka mener forresten at offeret ikke er ugunstig for svart.} 4. Bxf7+ $5 Kxf7
5. e5 d5 ({Hvit får offiseren tilbake uansett} 5... Ne8 6. Qf3+ Kg8 (6... Kg6
7. Qe4+ Kf7 8. Qd5+ e6 9. Qxa5) 7. Qd5+ e6 8. Qxa5) (5... Ng8 6. Qh5+ g6 7. e6+
dxe6 8. Qxa5) 6. exf6 exf6 7. Ne2 Bd6 8. O-O b6 9. Nf4 c6 10. c3 Bf5 {
ifølge Rykba står svart litt bedre (løperpar og litt bedre utvilkning). Jeg
likte min stilling ikke (luftig konge og et "esel" på a5)} 11. b4 Nb7 12. Qf3
Qd7 13. h3 Rae8 14. b5 Bxf4 15. bxc6 Qxc6 16. Bxf4 Nc5 17. c4 Bxd3 18. Rc1 {
etter det vinner svart en bonde. Bedre var det å ta på d5 med c-bonden} Be4 19.
cxd5 Qxd5 20. Qg3 g5 21. Be3 h5 $2 {"Kaster bort" et viktig tempo. Bedre var
det å "tvinge" dronningbytte her og ikke ett trekk seinere.} (21... Qe5 22.
Qxe5 Rxe5 23. Nc3 {her ville løpern kontrollere b5-feldet} Bc6) 22. Nc3 Qe5 23.
Qxe5 Rxe5 24. Nb5 Ne6 {det var ikke mulig å forsvare ekstra-bonden} (24... a6 {
eller Ta8} 25. Nd6+ Kg6 26. Nxe4 Rxe4 27. Bxc5 bxc5 28. Rxc5) 25. Nxa7 b5 26.
Nc6 Rd5 27. Nb4 Re5 28. a4 bxa4 29. Rxa4 f5 30. Ra7+ Kf6 31. Ra6 (31. f3 $1 {
var mulig (og anbefalt). Hvis den svarte løpern flyttes, er Ld2-Lc3 en sterk
trussel som må unngås og ....} Rd8 (31... Bxf3 $2 32. gxf3 Rxe3 $4 33. Nd5+)
32. fxe4 Rxe4 33. Nc2 Rc8 34. Ra3 Rec4 35. Ra2 {...virker å vinne for hvit})
31... Rd8 32. Nc6 Bxc6 33. Rcxc6 f4 34. Bc5 Rd1+ 35. Kh2 Kf5 36. Bd6 $2 {
den avgjørende feilen} Ree1 37. Ra5+ Kf6 38. g3 Rh1+ 39. Kg2 Rdg1+ 40. Kf3 Nd4+
41. Ke4 Nxc6 {og hvit ga opp. En heldig seier (hvit spilte bra og presset helt
fram til feilen i trekk 36). Seieren sikret meg andre plass i
klubbmestersskapet 2013} 0-1

[Event "Klubbmesterskapet 2013"]
[Site "Ås, Akershus NOR"]
[Date "2013.04.11"]
[Round "8"]
[White "Simonsen, Steinar"]
[Black "Kielland-Lund, Jon"]
[Result "0-1"]
[WhiteElo "1367"]
[BlackElo "1597"]
[PlyCount "134"]
[EventDate "2013.01.17"]

1. e4 c6 2. Nc3 d5 3. Nf3 Bg4 4. exd5 cxd5 5. Be2 Nc6 6. d4 e6 7. O-O Nf6 8. h3
Bh5 9. Bf4 a6 10. Re1 Be7 11. a3 b5 12. b4 O-O 13. Ne5 Bxe2 14. Rxe2 Rc8 15.
Re3 Qb6 16. Nxc6 Rxc6 17. Rc1 Rfc8 18. Ne2 Ne4 19. f3 Nd6 20. Bxd6 Bxd6 21. c3
Qc7 22. Rc2 a5 23. Qb1 axb4 24. axb4 Ra6 25. Ra2 Rca8 26. Rxa6 Rxa6 27. Qb2 Qa7
28. Nc1 Ra1 29. Re1 Bf4 30. Nd3 Ra2 31. Qb3 Bg3 32. Qxd5 g6 33. Qd8+ Kg7 34.
Rc1 h6 35. Qe8 Qa6 36. Ne5 Bxe5 37. dxe5 Qb6+ 38. Kh1 Qe3 39. Rf1 Qxe5 40. Qc6
Qe2 41. Rg1 Rc2 42. Qc5 Qc4 43. Qe5+ Kh7 44. Qf6 Qc7 45. Re1 Rxc3 46. Qe5 Rc1
47. Qxc7 Rxc7 48. Re5 Rb7 49. Kh2 Kg7 50. Kg3 Kf6 51. Kf4 Ke7 52. Rc5 Kd6 53.
g4 Rb8 54. Ke4 f6 55. h4 g5 56. hxg5 hxg5 57. f4 gxf4 58. Kxf4 Rb6 59. Ke4 Ke7
60. Rc7+ Kf8 61. Kd4 Ke8 62. Kc5 Rb8 63. Rh7 Rc8+ 64. Kxb5 Rc3 65. Kb6 e5 66.
b5 e4 67. Kb7 e3 {Hvit tapte på tid} 0-1

[Event "Klubbmesterskapet 2013"]
[Site "Ås, Akershus NOR"]
[Date "2013.04.11"]
[Round "8"]
[White "Lea, Per"]
[Black "Furnes, Torstein"]
[Result "1-0"]
[WhiteElo "1666"]
[BlackElo "1588"]
[Annotator "Lea,Per"]
[PlyCount "113"]
[EventDate "2013.01.17"]

1. e4 c5 2. Nf3 Nc6 3. d4 cxd4 4. Nxd4 e5 5. Nb5 d6 6. N1c3 a6 7. Na3 b5 8. Nd5
Nf6 9. Bg5 Be7 10. Bxf6 Bxf6 11. c3 O-O 12. Nc2 Bg5 13. a4 bxa4 14. Rxa4 a5 15.
Bc4 Rb8 16. Ra2 Kh8 17. Nce3 g6 18. Qa4 Bd7 19. Bb5 $2 Bxe3 (19... Nb4 $1 20.
Bxd7 (20. cxb4 Bxb5 21. Qxa5 Qc8 22. Qc7 {med klar fordel for svart}) 20...
Nxa2 21. Nc4 Nxc3 22. Nxc3 Rb4 23. Qc6 Rxc4 24. Qxc4 Qxd7 {med fordel for svart
}) 20. Nxe3 Qb6 ({Også her er} 20... Nb4 {bedre, f.eks.:} 21. cxb4 Bxb5 22. Qd1
(22. Qxa5 Qh4 23. Qa3 Qxe4 24. f3 Qb1+ 25. Nd1 Rbc8 {
med vinststilling for svart})) 21. c4 Rfd8 22. Nd5 Qc5 23. O-O Nb4 24. Nxb4
Bxb5 25. cxb5 axb4 26. Qa7 Qxa7 ({Det var bedre å gardere f-bonden, f. eks.:} 
26... Kg7 27. Qxc5 dxc5 28. Ra7 g5 {og svart står noe bedre}) 27. Rxa7 Rxb5 28.
Rxf7 Kg8 29. Re7 Rc8 30. f4 exf4 31. Rxf4 Rc1+ 32. Kf2 Re5 33. Rd7 Rc2+ 34. Kf3
Rxb2 35. Rff7 Rb3+ 36. Kf4 g5+ 37. Kg4 Re3 38. Rg7+ Kf8 39. Rxh7 R3xe4+ 40. Kh3
Re3+ (40... Rh4+ 41. Rxh4 gxh4 42. Kxh4 Rb5 43. Rxd6 b3 44. Rd1 {Etter partiet
trodde vi kanskje at dett var bedre for svart, men vi overvurderte nok svarts
sjanser - den garderte fribonden til tross}) 41. g3 Kg8 42. Rb7 b3 43. Rhd7 d5
44. Rd8+ Re8 45. Rxd5 R8e5 46. Rd8+ Re8 47. Rdd7 R8e5 (47... R8e4 {
Hvits fordel blir enda mindre etter:} 48. Rg7+ Kf8 49. Rxg5 Re7 50. Rgb5 Rxb7
51. Rxb7 Rc3 52. Kg4 Rc4+) 48. Rd8+ Re8 {Med remistilbud, som ble avslått} 49.
Rxe8+ Rxe8 50. Rxb3 Re5 $2 {Svart er på vei inn i sin tidsnød nr 2 i partiet} (
{Svart greier remis etter} 50... Re4 51. Rb5 g4+ 52. Kh4 Re2 53. Kxg4 Rxh2 {
i følge Nalimov-databasen (www.k4it.de)}) 51. Rb7 $2 {Hvit trodde det var
fornuftig å stenge svarts konge inne på 8.-raden, hvilket sannsynligvis var en
gedigen feilvurdering.} (51. Kg4 Kf7 52. Kh5 Ke6 53. h3 {bør vinne lett}) 51...
Rc5 $2 {Svart må hindre hvit i å få spilt kongen til g4.} ({Det oppnås ved} 
51... Re2 {eller}) (51... Re4) 52. Kg4 Ra5 53. Kh5 Kf8 54. Kg6 Ra2 55. Rh7 g4
56. Kg5 Ra4 57. Rh4 {Oppgitt. Hvor lett det ville være å vinne hvis svart
unngår tårnbytte, får vi aldri vite...} 1-0

[Event "Klubbmesterskapet 2013"]
[Site "Ås, Akershus NOR"]
[Date "2013.04.11"]
[Round "8"]
[White "Aalmo, Alexander"]
[Black "Thowsen, Alf Geir"]
[Result "1/2-1/2"]
[WhiteElo "1129"]
[BlackElo "1159"]
[PlyCount "63"]

1. d4 Nf6 2. Nf3 d5 3. e3 g6 4. Nbd2 Bg7 5. Be2 O-O 6. O-O Nbd7 7. b4 a5 8. b5
b6 9. a4 Bb7 10. Ba3 c6 11. bxc6 Bxc6 12. c3 Re8 13. Rb1 Bb7 14. Re1 Rc8 15.
Qb3 Qc7 16. Rec1 e5 17. Nf1 e4 18. N3d2 Re6 19. c4 Qb8 20. c5 Qa7 21. Bb5 Bc6
22. cxb6 Nxb6 23. Bxc6 Rexc6 24. Rxc6 Rxc6 25. Bc5 Nfd7 26. Qb5 Re6 27. Nb3
Nxc5 28. Qxc5 Bf8 29. Qxa5 Qxa5 30. Nxa5 Nxa4 31. Ra1 Nb6 32. Nb3 1/2-1/2

[Event "Klubbmesterskapet 2013"]
[Site "Ski, Akershus NOR"]
[Date "2013.04.07"]
[Round "8"]
[White "Moberg, Jan Rune"]
[Black "Garmark, Vegard"]
[Result "1-0"]
[WhiteElo "1533"]
[BlackElo "1195"]
[PlyCount "93"]

1. d4 d5 2. c4 e6 3. Nf3 Nf6 4. g3 c6 5. Bg2 Nbd7 6. O-O Be7 7. b3 O-O 8. Bb2
dxc4 9. bxc4 Ne4 10. Qc2 f5 11. Ne5 Bf6 12. Rd1 Bxe5 13. dxe5 Qg5 14. f4 Qe7
15. Bxe4 fxe4 16. Qxe4 Nc5 17. Qd4 Nd7 18. Ba3 c5 19. Qe3 b6 20. Nc3 a6 21. Ne4
Bb7 22. Nd6 Nb8 23. Rab1 Nc6 24. Rxb6 Rab8 25. Bxc5 Ba8 26. Rxb8 Rxb8 27. Ne4
Qb7 28. Bd6 Rc8 29. Nc5 Qb4 30. Nxe6 Qxc4 31. Ng5 h6 32. Nf3 Qe6 33. Rc1 Rd8
34. Qb6 Qd7 35. Qb3+ Kh7 36. Qd3+ Kg8 37. Rd1 Qb7 38. Rb1 Qa7+ 39. Kf1 Qd7 40.
Nh4 Ne7 41. Qc4+ Bd5 42. Qc7 Qh3+ 43. Kg1 Rd7 44. Qc3 g5 45. fxg5 hxg5 46. Nf3
g4 47. Rb8+ 1-0

[Event "Klubbmesterskapet 2013"]
[Site "Ås, Akershus NOR"]
[Date "2013.04.25"]
[Round "9"]
[White "Lea, Per"]
[Black "Høva, Frode"]
[Result "1-0"]
[WhiteElo "1666"]
[BlackElo "1595"]
[Annotator "Lea,Per"]
[PlyCount "69"]
[EventDate "2013.01.17"]

1. e4 d6 2. d4 Nf6 3. Nc3 g6 4. Nf3 Bg7 5. Bc4 O-O 6. O-O Nc6 7. h3 Nxe4 8.
Bxf7+ Rxf7 9. Nxe4 Qf8 10. Nfg5 Rf5 11. Ng3 {
Virker naturlig, men allikevel ikke nødvendigvis det beste.} ({
Komplikasjonene som starter med} 11. d5 Nb4 12. c3 Nxd5 13. Ng3 Rxg5 14. Bxg5
Qf7 {hadde jeg overhodet ikke vurdert}) 11... Rd5 12. c3 e5 {
Skaffer endel problemer på bindinga i diagonalen b3-g8} ({Bedre var muligens} 
12... h6 13. Nf3 e5 14. c4 Rxd4 ({Bedre enn} 14... Ra5 15. d5 Ne7 16. b4 Ra6 {
og tårnet blir stående off-side})) 13. Qb3 Ne7 14. dxe5 Bxe5 15. f4 Bf6 16. f5
{Spilt i den tro at dette var et kjempetrekk som ville skaffe svart problemer
i alle varienater. Og som alltid med slike "kjempetrekk": de er langt fra så
sterke som jeg tror...} Kg7 {Det er naturlig å frigjøre tårnet fra bindinga;
jeg hadde bare sett for meg kongetrekk til h8. Men i følge spesialistene (i
dette tilfellet: Critter 1.6 - gratis nedlastbart og kan legges inn som Engine
i f.eks. Fritz - og som stort sett vinner over Fritz 11 hvis man matcher dem
mot hverandre)} ({Men det minste av flere onder er allikevel} 16... gxf5 17.
Nh5 h6 18. Nxf6+ Qxf6 19. Nf3 Kh7 {og svart er "bare" belemret med en dårlig
kongestilling - hvilket er fullt spillbart i Follo sjakkforenings
klubbturneringer...}) 17. fxg6 hxg6 18. N5e4 Bf5 19. Nxf5+ ({Bedre var nok} 19.
Nxf6 Qxf6 20. Qxb7 Re8 21. Qxc7 a5 22. Nxf5+ Rxf5 23. Be3 {
med 2 sunne merbønder}) 19... Rxf5 20. Rxf5 Nxf5 21. Nxf6 Qxf6 22. Qxb7 Re8 23.
Bd2 Ng3 24. Qxc7+ Re7 25. Qa5 {For å hindre svart i å få muligheter til remis
ved evig sjakk etter springersjakk på e2 etterfulgt av dronningsjakk på e5}
Ne2+ 26. Kh2 Qf2 27. Qg5 Re5 28. Qh6+ Kf7 29. Qh7+ Ke6 30. Qxg6+ Kd7 31. Qg4+
Kc7 32. Qf3 Qh4 33. Be3 Qe7 34. Bf2 Nf4 {En feil som vi alle har opplevd å
gjøre i tidsnød... Men med 3 bønder under, er svarts stilling temmelig håpløs.}
35. Qxf4 {Oppgitt} 1-0